Obras [de Gabriel Zaid] : ensayos sobre poesía /

-д хадгалсан:
Номзүйн дэлгэрэнгүй
Үндсэн зохиолч: Zaid, Gabriel (autor)
Формат: Ном
Хэл сонгох:испани
Хэвлэсэн: México : El Colegio Nacional, 1993, c1993
Нөхцлүүд:
Шошгууд: Шошго нэмэх
Шошго байхгүй, Энэхүү баримтыг шошголох эхний хүн болох!

MARC

LEADER 00000nam^a2200000^a^4500
001 000102260
005 20250521000000.0
009 20260310093305.085
020 |a 968-6664-91-2 
037 |a Acervo ITESO - Biblioteca 
041 |a ESP 
082 |a 868.  |b OBR ZAI V. 2 
100 |a Zaid, Gabriel  |e (autor) 
240 1 1 |a [Obras de El Colegio Nacional] 
240 1 1 |a [Obras de Gabriel Zaid] 
245 1 0 |a Obras [de Gabriel Zaid] :  |b ensayos sobre poesía /  |c G. Zaid. 
264 4 |a México :  |b El Colegio Nacional,  |c 1993, c1993 
300 |a 558 p. 
336 |a texto  |b txt  |2 rdacontenido 
337 |a sin mediación  |b n  |2 rdamedio 
338 |a volumen  |b nc  |2 rdasoporte 
545 0 |a Gabriel Zaid (1934), poeta y ensayista mexicano nacido en Monterrey, Nuevo León. Es miembro de la Real Academia de Letras Mexicanas desde 1989. Sus ensayos dan cuenta del devenir de la cultura, la sociedad, la política o la economía desde una perspectiva crítica con la intención de despertar las conciencias; su poesía refleja la vitalidad creadora de la vida y los pone en escenarios cotidianos. Entre sus obras se encuentran Reloj de sol, La poesía en la práctica, Cómo leer en bicicleta, De los libros al poder, Los demasiados libros, Empresarios oprimidos, El secreto de la fama, La economía presidencial, El progreso improductivo, Cronología del progreso, entre otros. 
649 |a XX 
650 |a Ensayos Mexicanos 
650 |a Poética 
650 |a Poesía -  |x Historia y Crítica 
650 |a Literatura Mexicana -  |y Siglo XX 
650 |a Literatura -  |x Teoría 
650 |a Literatura -  |x Historia y Crítica 
910 |a Fondo General 
920 |a Impresos - Libros 
930 |a Colección General 
940 |a Literatura 
905 |a 101 
901 |a 0500037596  |b IT1  |c LIT  |u 20250521 
902 |a https://opac.biblio.iteso.mx/vufind/Record/000102260